000 00588nam a22001817a 4500
999 _c175232
_d175232
005 20200818154330.0
010 _aENG-128350
020 _c765.00
_a9789353945930
035 _aEN-111882
037 _bDBAD/PUB
082 _a332.024
100 _aMadura,Jeff
245 _aPersonal Finance/
_cby Jeff Madura
260 _aNew Delhi
_bPearson
_c2021
270 _a15th floor,Tower-B,Word Trade Tower,Plot no.1,Block-C sec 16,
_bNoida
_e201301
_k04466540100
_mcompanysecretary.india@pearson.com
300 _avarious pages.
_c25cm(pbk)
942 _2ddc
_cEN
_h332.024
_mMAD